000 00933nas a2200289 4500
001 BR0505157
003 BR-BrBNA
005 20231205105712.0
007 ta
008 230509b bl.|||p| |||| 00| 00por d
040 _aBR-BrBNA
_bpor
_cBiblioteca Nacional de Agricultura
041 _a(Pt)
072 _aL70
100 1 _aRahal, S.C.
100 1 _aHette, K.
100 1 _aEstanislau, C. de A.
100 1 _aVulcano, L.C.
100 1 _aFeio, A. da M.
100 1 _aBicudo, A.L.C.
245 1 _aFixador esquelético pino-resina acrílica e enxerto ósseo esponjoso no tratamento de complicações secundárias à imobilidação inadequada de fratura do rádio e ulna em cães
650 _aCÃO
650 _aCIRURGIA
650 _aFRATURA
773 0 _tCiência Rural (Brazil)
_xISSN 0103-8478
_g(Sep-Oct 2005), v. 35(5) p. 1109-1115
_wBR0505157
909 _a202311
_bLúcia
_c55
_dLúcia Elande
942 _2AGRIS
_n0
_cANA
999 _c184235
_d184235